Cities in the pacific : planning systems and property markets

Bibliographic Details
Other Authors: Berry,James, McGreal,Stanley
Format: Book
Language:English
Published: London : F&FN Spon , 1999
Subjects:

MARC

LEADER 00000cam a2200000 7i4500
001 0000019400
005 20090602.0
008 090522s -uka eng
020 |a 0419242805(pbk.) ,   |c RM738.44 
040 |a INS 
090 0 0 |a HT147.A2   |b C58 1999 
245 0 0 |a Cities in the pacific :   |b planning systems and property markets   |c edited by James Berry and Stanley McGreal 
260 |a London :   |b F&FN Spon ,   |c 1999 
300 |a xix, 374p. :   |b ill. ;   |c 24cm. 
500 |a Includes index 
650 0 |a Cities and towns   |x Economic aspects   |z Asia 
650 0 |a Cities and towns   |x Economic aspects   |z Pacific Asia 
650 0 |a City planning   |z Asia 
650 0 |a City planning   |z Pacific Asia 
650 0 |a Real estate development   |z Asia 
650 0 |a Real estate development   |z Pacific Asia 
700 1 |a Berry,James 
700 1 |a McGreal,Stanley 
999 |a 0000020940   |b BOOK   |c Open Shelf   |e Default branch